Geografia fizyczna Australii i Oceanii - Statystyki

Ogólne statystyki
  • Ten quiz został rozwiązany 131 razy
    125 od ostatniego zresetowania
  • Średni wynik to 6 z 14
Statystyki odpowiedzi
Pytanie: Odpowiedź: % Poprawnych
Najwyższy szczyt: Puncak Jaya/Góra Kościuszki
81%
Największy półwysep: Tasmania
74%
Największa wyspa Australii (chodzi o kraj): Tasmania
74%
Najdłuższa rzeka: Murray
63%
Nazwa największej rafy koralowej na świecie: Wielka Rafa Koralowa
58%
Największa wyspa: Nowa Gwinea
53%
Podwodna roślinność występująca wokół wszystkich wysp Oceanii: Rafa Koralowa
51%
Najdłuższe pasmo górskie: Wielkie Góry Wododziałowe
48%
Największa pustynia: Wielka Pustynia Piaszczysta
34%
Największe jezioro: Jezioro Eyre
19%
Lasy występujące jedynie w Australii i P.Nowej Gwinei (nazwa): Lasy Namorzynowe/Mangrowia
11%
Charakterystyczny surowiec wydobywany jedynie w morskich terenach szczególnie Oceanii : Fosforyty
9%
Najniższy punkt: Depresja Jeziora Eyre
3%
Specyficzne jeziora występujące w okolicach wysp Vanuatu: Kwaśne Jeziora
1%
Nie znaleziono quizów pasujących do podanych kryteriów
Rozkład punktacji
Procent ludzi z każdym wynikiem
Percentyl według liczby udzielonych odpowiedzi
Twoja historia wyników
Nie rozwiązałeś tego quizu od ostatniego zresetowania